Władcy Polski - Statystyki

Ogólne statystyki
  • Ten quiz został rozwiązany 1 017 razy
    998 od ostatniego zresetowania
  • Średni wynik to 21 z 47
Statystyki odpowiedzi
Hint Odpowiedź % Poprawnych
Bolesław Chrobry
94%
Mieszko I
94%
Mieszko II
85%
Kazimierz Wielki
83%
Stanisław August Poniatowski
75%
Władysław Jagiełło
73%
Bolesław Krzywousty
72%
Władysław Łokietek
71%
Jadwiga
69%
Jan III Sobieski
65%
Kazimierz Odnowiciel
59%
Zygmunt III Waza
59%
Stefan Batory
55%
Bolesław Śmiały
54%
Zygmunt Stary
54%
Henryk Walezy
53%
August II Mocny
49%
August II Mocny
49%
Władysław Warneńczyk
45%
Zygmunt August
44%
Ludwik Węgierski
43%
Jan Kazimierz Waza
42%
Kazimierz Jagiellończyk
41%
August III Sas
40%
Michał Korybut Wiśniowiecki
40%
Stanisław Leszczyński
37%
Stanisław Leszczyński
37%
Jan Olbracht
36%
Władysław IV Waza
36%
Mieszko Stary
35%
Mieszko Stary
35%
Leszek Biały
34%
Przemysł II
34%
Wacław II
34%
Władysław Herman
34%
Aleksander Jagiellończyk
30%
Leszek Czarny
27%
Władysław Wygnaniec
27%
Bolesław Kędzierzawy
26%
Wacław III
24%
Kazimierz Sprawiedliwy
19%
Henryk Pobożny
17%
Henryk Brodaty
16%
Bolesław Wstydliwy
15%
Władysław Laskonogi
14%
Władysław Laskonogi
14%
Henryk IV Prawy
12%
Nie znaleziono quizów pasujących do podanych kryteriów
Rozkład punktacji
Procent ludzi z każdym wynikiem
Percentyl według liczby udzielonych odpowiedzi
Twoja historia wyników
Nie rozwiązałeś tego quizu od ostatniego zresetowania